000 00559nam a2200229 a 4500
001 nice12345678
003 IN_TiNIC
005 20260116014724.0
008 131227s1999 pana grp 000 0 eng
020 _a9788170585794
_c90
082 0 0 _a294.522
_bAUR
100 _aAurobindo,
245 _aProblem of Rebirth
260 _aPandicherry
_bSri Aurobindo Ashram
_c1999
300 _a193p
500 _aincludes index and biblioraphy
650 _aKarma-Hinduism
700 1 _aAurobindo,
902 _bSRS
942 _cBK
999 _c16643
_d16643